000 00688nam a2200253Ia 4500
003 OSt
005 20220924131835.0
006 a|||||r|||| 00| 0
007 ta
008 220923b |||||||| |||| 00| 0 tel d
020 _cRs.3
024 _a346110
037 _cTextual
040 _aARTS
_cARTS
_btel
041 _2tel
_atel
082 _aO35,3NNA5.1, K5
100 _aTalluru Nageswara Rao Au.
_9203043
245 0 _aPrema Latha
260 _aVijayawada
_bJanata Publications India
_c1965
300 _a190p.
_ccm.
650 _aTELUGU LITERATURE
942 _hO35,3NNA5.1, K5
_cTEXL
_2CC
999 _c428384
_d428384